| 000 | 00588cam a22002411 4500 | ||
|---|---|---|---|
| 001 | sa 68014039 | ||
| 003 | DLC | ||
| 005 | 20260227112628.0 | ||
| 008 | 940527s1964 ii ac b 000 0 sino | ||
| 010 | _asa 68014039 | ||
| 025 | _aPL480:C-196 | ||
| 035 | _a(OCoLC)30507611 | ||
| 040 |
_aDLC _cCU _dCU _dDLC |
||
| 042 | _apremarc | ||
| 050 | 0 | 0 |
_aQ180.A1 _bD6 |
| 100 | 1 | _aDodampegama, Benedict. | |
| 245 | 1 | 0 | _aVidyā vicāra. |
| 260 | _c[1964] | ||
| 300 |
_aii, 125 p. _bill., port. _c19 cm. |
||
| 500 | _aIn Sinhalese. | ||
| 504 | _aBibliography: p. 125. | ||
| 650 | 0 | _aResearch. | |
| 999 |
_c85523 _d85523 |
||